00363nam a2200133Ia 4500008004100000041000800041082001700049100001900066245005800085250001400143260003000157300003300187365000900220240624s9999 xx 000 0 und d aeng a658.4092 QUI aQUINN ROBERT E aBECOMING A MASTER MANAGER A COMPETING VALUES APPROACH a(4th ed.) c2006aHobokenbJohn Wiley axviii, , 379 , 25 : p. : cm. cb29